000 00266nam a22001217a 4500
008 170426b xxu||||| |||| 00| 0 eng d
041 _aeng
080 _23 ed
_a54
100 _a12
101 _ashm
245 _aphysical chemistry
_ctaylor.h.s
942 _2udc
_cBK
999 _c12186
_d12186